| 000 | 00582nam a22002177a 4500 | ||
|---|---|---|---|
| 999 |
_c4119 _d4119 |
||
| 001 | 4119 | ||
| 003 | BD-JhCC | ||
| 005 | 20171123115515.0 | ||
| 008 | 171123s1989 bg |||| ||a| 001 0 eng d | ||
| 035 | _a(BD-JhCC)4119 | ||
| 040 |
_aBD-JhCC _dBD-JhCC |
||
| 041 | _aeng | ||
| 082 |
_a891.4495 _bTAG 1989 |
||
| 100 | _aRabindranath Tagore | ||
| 245 |
_aVerses From Rabindranath Tagore : _bDone into English / _cHawsar Ali Shaik, |
||
| 260 |
_aKushtia : _bMrs. Swapna Shaik, _c1989 |
||
| 300 |
_a22 p. : _c22 cm. |
||
| 650 | _aSelective Verses | ||
| 942 |
_2ddc _cBK |
||